| 000 | 00563nam a2200205 u 4500 | ||
|---|---|---|---|
| 005 | 20240919064003.0 | ||
| 008 | 091019s2007 mx r 000 0 spa d | ||
| 020 | _a9685447446 | ||
| 035 | _aUPN01000173259 | ||
| 049 | _aCG | ||
| 050 | 4 |
_aHG2714 _bH4.2 |
|
| 100 | 1 | _aHeath, Jonathan | |
| 245 | 1 | 3 |
_aEl Banco de México / _cJonathan Heath. |
| 260 |
_aMéxico : _bNostra, _c2007. |
||
| 300 | _a70 p. | ||
| 440 | 0 | _aPara entender | |
| 610 | 2 | 4 |
_aBanco de México _915141 |
| 650 | 4 |
_aBANCOS Y OPERACIONES BANCARIAS - _zMEXICO - _xHISTORIA _95364 |
|
| 905 | _aLibro | ||
| 999 |
_c145363 _d145363 |
||